| 000 | 00531cam a22001691 4500 | ||
|---|---|---|---|
| 082 |
_a624.17 _bPIP |
||
| 100 | 1 |
_aPippard, Alfred John Sutton, _942342 |
|
| 245 | 0 | 4 |
_aThe analysis of engineering structures, _cby A.J.S. Pippard and J.F. Baker. |
| 250 | _a[3d ed.] | ||
| 260 |
_aLondon, _bArnold _c[1957] |
||
| 300 |
_a564 p. _billus. _c26 cm. |
||
| 526 |
_a0 _b0 _c0 _d624_170000000000000_PIP |
||
| 650 | 0 |
_aMCE _9379 |
|
| 650 | 0 |
_aStructural analysis (Engineering) _9654 |
|
| 700 | 1 |
_aBaker, John Fleetwood, _942772 |
|
| 942 |
_2ddc _cBK |
||
| 999 |
_c549954 _d549954 |
||